Cuphead bosses based on Cuphead Wiki descriptions - Statistics

General Stats
  • This quiz has been taken 79 times
  • The average score is 5 of 20
Answer Stats
Description Answer % Correct
They seems to delight in catching their enemies off guard with their appearance, posing as a harmless and adorable ------ before roaring loudly. Cagney Carnation
89%
Upon their defeat, the game's narrative concludes. The Devil
59%
...they reappear on a makeshift platform with gas tanks by their sides that will inflate them with helium... Beppi the Clown
35%
When defeated, they are shown to be heavily bruised, rubbing their cheeks and retreating underground. The Root Pack
35%
When illustrated as behaving in an especially devious or threatening manner, they are also sometimes shown with bright, green colored irises. King Dice
30%
It sounds like they say, "Yoo-hoo!" Cala Maria
28%
Like the Devil, Cuphead and his gang are shown reacting in fear and shock rather than performing their standard intros. Chef Saltbaker
28%
------ is almost always seen with their cob pipe clenched between their teeth. Djimmi the Great
28%
------ will swing their tennis ball wand to commend the Chinook to fire The Howling Aces
24%
They do seem to enjoy chewing gum somehow. Dr. Kahl's Robot
20%
------ face is significantly more detailed, almost resembling that of a stereotypical witch. Hilda Berg
17%
Two groups of ----- are lifted up in the foreground on the bottom corners to spectate. Glumstone the Giant
15%
------ are well-meaning hooligans with hearts of gold and a lot of moxie—sometimes a little too much moxie. Ribby and Croaks
15%
The tin will begin its death animation, expanding and contracting and appearing more damaged. Esther Winchester
13%
----- acts incredibly narcissistic and overconfident in combat... Goopy le Grande
13%
They strive to spook people, making "ghostly" motions whenever the battle commences. Grim Matchstick
13%
They have curly red hair in puffy pigtails and magenta eye-shadow. Sally Stageplay
13%
They wear white gloves, blue shoes, and light brown pants held up by a single suspender strap. Werner Werman
11%
The good ending though hints that despite their earlier hostility, they're actually more of a sweet, gentle, loving person. Baroness von Bon Bon
7%
Their speech is like a stereotypical ------, with examples being not even conjugating the verb "be"... Captain Brineybeard
7%
No matching quizzes found
Score Distribution
Percent of People with Each Score
Percentile by Number Answered
Your Score History
You have not taken this quiz